00720nam a2200217Ia 4500003000400000005001700004006001800021007000300039008004100042024001000083037001100093040001800104041001300122100002800135110010200163245007000265260000900335650003000344700002600374700010200400OSt20220930085217.0a|||||r|||| 00| 0ta220926b |||||||| |||| 00| 0 eng d a94343 cTheses aCRLcCRLbeng 2engaeng aBansiwal Surender Kumar aUniversity of Delhi. Faculty of Medical Sciences. National Institute of Health and Family Welfare 0aAssessment of anti-dengue activities in a Municipal zone of Delhi c2007 aCOMMUNITY HEALTH SERVICES a Dr. Sanjay Gupta Gu. aUniversity of Delhi. Faculty of Medical Sciences. National Institute of Health and Family Welfare